Measurement (norms) of mean sonar values of different growth parameters in normal Indian foetuses in last trimester of pregnancy correlated with standarized charts of different authors (Record no. 72200)

MARC details
000 -LEADER
fixed length control field 00464nam a2200133Ia 4500
008 - FIXED-LENGTH DATA ELEMENTS--GENERAL INFORMATION
fixed length control field 230917s9999||||xx |||||||||||||| ||und||
040 ## - CATALOGING SOURCE
-- 90713
Original cataloging agency VIVEKANANDA LIBRARY
041 ## - Language
-- English
082 ## - DDC NUMBER
Classification number 615.842 T953M
100 ## - MAIN ENTRY--PERSONAL NAME
Personal name Tyagi, Praveen
245 #0 - TITLE STATEMENT
Title Measurement (norms) of mean sonar values of different growth parameters in normal Indian foetuses in last trimester of pregnancy correlated with standarized charts of different authors
300 ## - PHYSICAL DESCRIPTION
Pages 112 p.
942 ## - ADDED ENTRY ELEMENTS (KOHA)
Koha item type Thesis
Holdings
Withdrawn status Lost status Damaged status Not for loan Location (home branch) Sublocation or collection (holding branch) Shelving location Date acquired Koha issues (times borrowed) Koha full call number Accession No. Koha date last seen Koha item type
        VIVEKANANDA LIBRARY VIVEKANANDA LIBRARY Reference 15/05/2003   615.842 T953M 146164 17/09/2023 Thesis
© Designed and Maintained by Vivekananda Library, MDU Rohtak